000 00298nam a2200133Ia 4500
008 240624s9999 xx 000 0 und d
041 _aeng
082 _a413 MIT
100 _aMITTAL D P
245 _aLAW DICTIONARY
260 _aNew Delhi
_bTaxmann
300 _a460 : p. : cm. ; 24
365 _cRS
999 _c2590
_d2590